Irán. Atlas ekonoma.
Politická a hospodárska situácia v Iráne. Mena, bankovníctvo, zahraničné zadlženie a zahraničný obchod. Obchodné styky bývalého Česko-Slovenska s Iránom.
Guardado en:
| Autor principal: | |
|---|---|
| Formato: | Capítulo de libro |
| Lenguaje: | checo |
| Materias: | |
| Etiquetas: |
Sin Etiquetas, Sea el primero en etiquetar este registro!
|
MARC
| LEADER | 00000naa a2200000 4500 | ||
|---|---|---|---|
| 001 | r012300 | ||
| 005 | 20220826094644.7 | ||
| 041 | 0 | |a cze | |
| 044 | |a CZ | ||
| 245 | 1 | 0 | |a Irán. |b Atlas ekonoma. |c J. Hálek |
| 520 | |a Politická a hospodárska situácia v Iráne. Mena, bankovníctvo, zahraničné zadlženie a zahraničný obchod. Obchodné styky bývalého Česko-Slovenska s Iránom. | ||
| 610 | 2 | 0 | |a situácia hospodárska |
| 610 | 2 | 0 | |a Irán |
| 610 | 2 | 0 | |a mena |
| 610 | 2 | 0 | |a bankovníctvo |
| 610 | 2 | 0 | |a zadlženosť zahraničná |
| 610 | 2 | 0 | |a obchod zahraničný |
| 610 | 2 | 0 | |a ČSFR |
| 100 | 1 | |a Hálek, J. | |